CFB Rushing Yards Leaders (All Time) - Statistics

General Stats
  • This quiz has been taken 96 times
  • The average score is 5 of 30
Answer Stats
Rushing
Yards
School Answer % Correct
6279 UT Ricky Williams
59%
6174 WISC Jonathan Taylor
57%
6026 MEM Deangelo Williams
51%
5263 TCU LaDanian Tomlinson
36%
5259 UGA Herschel Walker
31%
5440 NU Justin Jackson
28%
5082 ORG LaMichael James
25%
6082 PITT Tony Dorsett
25%
5598 USC Charles White
22%
4952 CLEM Travis Etienne
20%
5177 OSU Archie Griffin
18%
6397 WISC Ron Dayne
18%
5140 WISC Montee Ball
17%
4945 TOL Kareem Hunt
11%
5621 ORG Royce Freeman
11%
4979 KSU Darren Sproles
10%
5540 UT Cedric Benson
8%
6405 SDSU Donnel Pumphrey
8%
5040 UM Michael Hart
6%
5323 UW Myles Gaskin
6%
4965 IU Anthony Thompson
5%
4958 UoSC George Rogers
5%
5012 TAMU Darren Lewis
4%
5164 NIU Garrett Wolfe
4%
4941 NIU Michael Turner
4%
5039 WVU Avon Cobourne
2%
5302 USM Damion Fletcher
1%
4956 UNM Dontrell Moore
1%
5596 MU Travis Prentice
1%
4948 RU Trevor Cobb
1%
No matching quizzes found
Score Distribution
Percent of People with Each Score
Percentile by Number Answered
Your Score History
You have not taken this quiz